Online Catalogue and eLibrary

Srimad Bhagavat gita : (Record no. 874)

MARC details
000 -LEADER
fixed length control field 00473nam a2200181Ia 4500
005 - DATE AND TIME OF LATEST TRANSACTION
control field 20240731061251.0
008 - FIXED-LENGTH DATA ELEMENTS--GENERAL INFORMATION
fixed length control field 240331s9999 xx 000 0 und d
020 ## - INTERNATIONAL STANDARD BOOK NUMBER
ISBN 817120094X
082 ## - DDC Classification
Class No. 291.5
Item Number - Author Mark TAP
100 ## - MAIN ENTRY--PERSONAL NAME
Personal name Tapasyananda, S
245 #0 - TITLE STATEMENT
Title Srimad Bhagavat gita :
Remainder of title the scripture of mankind
250 ## - EDITION STATEMENT
Edition statement 3 rd
260 ## - PUBLICATION, DISTRIBUTION, ETC.
Place of publication, distribution, etc. Madras
Name of publisher, distributor, etc. Sri Ramakrishna Math Printing Press
Date of publication, distribution, etc. 1988
300 ## - PHYSICAL DESCRIPTION
Extent (e.g. Volumes, Pages etc.) xvi, 517 p .,
650 ## - SUBJECT ADDED ENTRY--TOPICAL TERM
Topical term or geographic name entry element Religion
650 ## - SUBJECT ADDED ENTRY--TOPICAL TERM
Topical term or geographic name entry element Human Values
942 ## - Koha item type (Biblio)
Koha item type Books in Stacks (Lending)
Holdings
Lost status Damaged status Collection code Home library Current library Shelving location Date acquired Full call number Accession Number Item type
    Lending WERC Library WERC Library Social Science Cupboard 03/31/2024 291.5 TAP 988 Books in Stacks (Lending)

© WERC Library